000 00438nam a2200157Ia 4500
008 230917s9999||||xx |||||||||||||| ||und||
040 _e9369
_aMAIN
041 _aEnglish
082 _a320.947 H814H
100 _aHough, Jerry F.
245 0 _aHow the Soviet Union is Governed
250 _aAn extenrively revised enlarged edition ed.
260 _aCommbridge
_bHarvard University Press
_c1979
300 _axiv, 679 p.
942 _cBK
999 _c225418
_d225418